000 00440nam a22001577a 4500
005 20240106160710.0
008 190326b xxu||||| |||| 00| 0 eng d
020 _a978-93-51642-05-3
041 _aeng
100 _a GOKHALE, S.B. ,KOKATE,DR. C.K.,GOKHALE,DR. ALPANA.,AND KALASKAR,DR. M.G
_98261
245 _aPHARMACOGNOSY OF TRADITIONAL DRUG
250 _a3rd, 2017
260 _aPUNE
_bNIRALI PRAKASHAN
300 _aB-1p,
942 _cBK
999 _c5783
_d5781